Alien Superstar- Beyoncé (Full lyrics) - Statistics

General Stats
  • This quiz has been taken 370 times
  • The average score is 270 of 366
Answer Stats
Lyrics % Correct
a
100%
I
99%
I'm
98%
that
98%
to
98%
you
98%
You
98%
superstar
97%
Superstar
97%
the
97%
The
97%
this
97%
on
96%
world
96%
Alien
95%
for
94%
girl
94%
too
94%
Unique
93%
unique
93%
classy
92%
in
92%
of
92%
me
91%
what
91%
with
91%
your
91%
baby
90%
Forever
90%
lick
90%
one
90%
only
90%
Don't
89%
don't
89%
be
88%
can
88%
like
88%
No
88%
That's
88%
that's
88%
are
87%
bitch
87%
number
87%
Then
87%
then
87%
bar
86%
it
86%
an
85%
compete
85%
Bad
84%
Category
84%
even
84%
Oh
84%
think
84%
time
83%
touched
83%
and
82%
his
82%
love
82%
Trying
82%
twisted
82%
else
81%
lips
81%
my
81%
so
81%
waste
81%
diamonds
80%
Eyes
79%
all
78%
Keep
78%
pearls
78%
when
78%
addicted
77%
contradict
77%
put
77%
him
76%
is
76%
Unicorn
76%
Whip
76%
whip
76%
We
75%
we
75%
off
73%
uniform
73%
perform
72%
dust
71%
Lies
71%
Feed
69%
stingy
69%
I'll
66%
crystal
65%
vintage
65%
kicking
64%
them
64%
over
62%
obscure
61%
Stilettos
61%
Sexy
58%
air
57%
can't
57%
Can't
57%
he
57%
plain
55%
Drip
53%
genius
53%
Label
53%
paper
53%
Couture
52%
Mastermind
52%
Always
51%
Haute
50%
planes
50%
ceiling
48%
dreamed
46%
take
46%
clock
45%
Masterpiece
45%
see
45%
got
44%
paid
44%
pleasure
44%
blue
43%
rodeo
43%
whores
43%
scared
41%
shoulder
41%
stare
41%
Supernova
41%
again
40%
ain't
40%
billboards
40%
come
40%
Look
40%
pillow
40%
cake
39%
have
39%
hike
39%
Patty
39%
You're
39%
glare
38%
beneath
37%
intravenous
37%
just
37%
up
37%
why
37%
down
36%
find
36%
Tiffany
36%
wrist
36%
flying
35%
Head
35%
here
35%
high
35%
mirror
35%
speak
35%
If
34%
thighs
34%
ego
33%
where
33%
bliss
32%
effects
32%
man
32%
Music
32%
reflecting
32%
Casanova
31%
Lingerie
31%
ocean
31%
shit
31%
talk
31%
will
31%
closer
30%
feet
30%
Mile
30%
out
30%
System
30%
em
29%
hips
29%
kiss
29%
legs
29%
pull
29%
Supernatural
29%
Bullshit
28%
deep
28%
cinnamon
27%
solar
27%
Fire
26%
hands
26%
Power
25%
reaching
25%
their
14%
No matching quizzes found
Score Distribution
Percent of People with Each Score
Percentile by Number Answered
Your Score History
You have not taken this quiz